| Поле | Название | Значение |
| |
Тип записи |
a |
| |
Библиографический уровень |
a |
| 001 |
Контрольный номер |
RU/CBS_UL/BASE/e1c4ea8db77b49a2b055d01c42c72a9d |
| 005 |
Дата корректировки |
20260220133742.9 |
| 100 |
Данные общей обработки |
__ |
| a |
Данные общей обработки |
20260220 ||| 0rusy0189 ca |
| 101 |
Язык документа |
0_ |
| a |
Язык текста |
rus |
| 102 |
Страна публикации |
__ |
| a |
Страна публикации |
RU |
| 200 |
Заглавие и сведения об ответственности |
1_ |
| a |
Заглавие |
"Русский лебедь" |
| e |
Сведения, относящиеся к заглавию |
[145 лет со дня рождения балерины А. Павловой] |
| f |
Первые сведения об ответственности |
Н. Цискаридзе |
| 461 |
Уровень набора |
_0 |
| 1 |
|
2000 |
| a |
|
Честь Отечества |
| 463 |
Уровень физической единицы |
_0 |
| 1 |
|
2000 |
| a |
|
№ 1-2 |
| v |
|
С. 46-47 : фото |
| 1 |
|
2101 |
| d |
|
2026 |
| 1 |
|
001RU/CBS_UL/BASE/84d1925e5ac146458e290c11b6276ba6 |
| 600 |
Персоналии |
_1 |
| a |
Персоналии (Фамилия) |
Павлова |
| b |
Персоналии (Имя, инициалы) |
А. П. |
| 606 |
Тематические рубрики |
0_ |
| a |
Основная рубрика |
Павлова, Анна Павловна (1881-1931) |
| 610 |
Ключевые слова |
0_ |
| a |
Ключевые слова |
балерины |
| 610 |
Ключевые слова |
0_ |
| a |
Ключевые слова |
русские балерины |
| 610 |
Ключевые слова |
0_ |
| a |
Ключевые слова |
балерины русские |
| 610 |
Ключевые слова |
0_ |
| a |
Ключевые слова |
балерины Мариинского театра |
| 610 |
Ключевые слова |
0_ |
| a |
Ключевые слова |
примы-балерины |
| 610 |
Ключевые слова |
0_ |
| a |
Ключевые слова |
примы-балерины Мариинского театра |
| 686 |
Индексы других классификаций |
__ |
| 2 |
Код системы |
rubbk |
| a |
Классификационный индекс |
85.335.42 |
| 700 |
Автор |
_1 |
| a |
Фамилия |
Цискаридзе |
| b |
Имя (инициалы) |
Н. |
| 801 |
Источник записи |
_0 |
| a |
Страна |
RU |
| b |
Организация |
МБУК ЦБС г. Ульяновска |
| c |
Дата составления |
20260220 |
| g |
Правила каталогизации |
RCR |
| 801 |
Источник записи |
_1 |
| a |
Страна |
RU |
| b |
Организация |
МБУК ЦБС г. Ульяновска |
| c |
Дата составления |
20260220 |
| g |
Правила каталогизации |
RCR |
| 901 |
Тип документа |
__ |
| t |
Тип документа |
b |
| w |
Контрольный № источника |
RU/CBS_UL/BASE/84d1925e5ac146458e290c11b6276ba6 |
| 909 |
Создатель записи |
__ |
| a |
Создатель записи |
lib2 |